header

Fungal disease in Britain and the United States, 1850-2000 : (Record no. 138972)

MARC details
000 -LEADER
fixed length control field 01848nam a22003851i 4500
001 - CONTROL NUMBER
control field ebr10796945
003 - CONTROL NUMBER IDENTIFIER
control field CaPaEBR
006 - FIXED-LENGTH DATA ELEMENTS--ADDITIONAL MATERIAL CHARACTERISTICS--GENERAL INFORMATION
fixed length control field m o d
007 - PHYSICAL DESCRIPTION FIXED FIELD--GENERAL INFORMATION
fixed length control field cr cn|||||||||
008 - FIXED-LENGTH DATA ELEMENTS--GENERAL INFORMATION
fixed length control field 131205s2013 enka ob 001 0 eng d
020 ## - INTERNATIONAL STANDARD BOOK NUMBER
International Standard Book Number 9781137377029 (e-book)
Cancelled/invalid ISBN 9781137377012
040 ## - CATALOGING SOURCE
Original cataloging agency CaPaEBR
Language of cataloging eng
Description conventions rda
-- pn
Transcribing agency CaPaEBR
035 ## - SYSTEM CONTROL NUMBER
System control number (OCoLC)868977214
043 ## - GEOGRAPHIC AREA CODE
Geographic area code e-uk---
-- n-us---
050 14 - LIBRARY OF CONGRESS CALL NUMBER
Classification number RC117
Item number .H66 2013eb
100 1# - MAIN ENTRY--PERSONAL NAME
Personal name Homei, Aya.
245 10 - TITLE STATEMENT
Title Fungal disease in Britain and the United States, 1850-2000 :
Remainder of title mycoses and modernity /
Statement of responsibility, etc Aya Homei and Michael Worboys.
264 #1 - PRODUCTION, PUBLICATION, DISTRIBUTION, MANUFACTURE, AND COPYRIGHT NOTICE
Place of production, publication, distribution, manufacture Basingstoke ;
-- New York :
Name of producer, publisher, distributor, manufacturer Palgrave Macmillan,
Date of production, publication, distribution, manufacture, or copyright notice 2013.
300 ## - PHYSICAL DESCRIPTION
Extent 1 online resource (240 pages) :
Other physical details illustrations.
336 ## - CONTENT TYPE
Content type term text
Source rdacontent
337 ## - MEDIA TYPE
Media type term computer
Source rdamedia
338 ## - CARRIER TYPE
Carrier type term online resource
Source rdacarrier
440 #0 - SERIES STATEMENT/ADDED ENTRY--TITLE
Title Science, technology, and medicine in modern history
504 ## - BIBLIOGRAPHY, ETC. NOTE
Bibliography, etc Includes bibliographical references and index.
505 0# - FORMATTED CONTENTS NOTE
Formatted contents note Ringworm: A Disease of Schools and Schooling -- Athlete's Foot: A Disease of Fitness and Hygiene -- Candida: A Disease of Antibiotics -- Endemic Mycoses, Mycotoxins and Allergies: Diseases of Social Change -- Aspergillosis: A Disease of Medical Progress.
588 ## - SOURCE OF DESCRIPTION NOTE
Source of description note Description based on online resource; title from PDF title page (ebrary, viewed December 5, 2013).
590 ## - LOCAL NOTE (RLIN)
Local note Electronic reproduction. Palo Alto, Calif. : ebrary, 2013. Available via World Wide Web. Access may be limited to ebrary affiliated libraries.
650 #0 - SUBJECT ADDED ENTRY--TOPICAL TERM
Topical term or geographic name as entry element Mycoses
Geographic subdivision Great Britain
General subdivision History.
Topical term or geographic name as entry element Mycoses
Geographic subdivision United States
General subdivision History.
655 #0 - INDEX TERM--GENRE/FORM
Genre/form data or focus term Electronic books.
700 1# - ADDED ENTRY--PERSONAL NAME
Personal name Worboys, Michael,
Dates associated with a name 1948-
797 2# - LOCAL ADDED ENTRY--CORPORATE NAME (RLIN)
Corporate name or jurisdiction name as entry element ebrary.
856 40 - ELECTRONIC LOCATION AND ACCESS
Uniform Resource Identifier <a href="http://site.ebrary.com/lib/rucke/Doc?id=10796945">http://site.ebrary.com/lib/rucke/Doc?id=10796945</a>
Public note An electronic book accessible through the World Wide Web; click to view

No items available.

© 2026 Rongo University
Contact us: librarian | system librarian | Rongo university